000 00492nam a2200145Ia 4500
008 090124s9999 xx 000 0 und d
082 _b304364
245 _a .... आणि विद्येच्या बैलाला
250 _a1
260 _bलाटकर संजीव
_c2001
300 _a197
630 _a .... आणि विद्येच्या बैलाला
730 _a .... आणि विद्येच्या बैलाला
942 _cBOOK
999 _c194281
_d194281